Romania all time starting xi - Statistics

General Stats
  • This quiz has been taken 76 times
    13 since last reset
  • The average score is 4 of 11
Answer Stats
Hint Answer % Correct
FW(1983-2000 Gheorghe Hagi
100%
FW(2000-2013 Adrian mutu
70%
DF(1989-2000 Dan Petrescu
50%
DF(1988-2003 Gheorghe Popescu
50%
MF(2016- Nicolae Stanciu
40%
GK(1988-2005 Bogdan Stelea
30%
DF(1999-2010 Christian Chivu
30%
DF(1984-2000 Miodrag Belodedici
20%
MF(1991-2007 Dorinel Munteanu
10%
FW(1931-1939 Iuliu Bodola
10%
MF(1993-2005 Viorel Moldovan
0%
No matching quizzes found
Score Distribution
Percent of People with Each Score
Percentile by Number Answered
Your Score History
You have not taken this quiz since the last reset